| 000 | 01364nam a2200397Ia 4500 | ||
|---|---|---|---|
| 001 | Z_6944 | ||
| 003 | CHAP | ||
| 005 | 20230301150606.0 | ||
| 008 | 220113s2016 xx 000 0 und d | ||
| 010 | _a170199 | ||
| 040 | _cCHAP | ||
| 090 | _aTesis M84 2545 | ||
| 100 |
_aMuñoz González, Juan Carlos _979599 |
||
| 245 |
_aEvaluación del sistema de producción de bovinos de doble propósito en Catazajá, Chiapas, México / _cJuan Carlos Muñoz González |
||
| 260 |
_aMéxico : _bEl autor, _c2016 |
||
| 300 | _aCD | ||
| 502 | _aTesis (Doctor en Ciencias en Innovación Ganadera) -- UACh, 2016 \ Dirección: Maximino Huerta Bravo; asesoría: Raymundo Rangel Santos y Alejandro Lara Bueno | ||
| 650 |
_aAgua _92222 |
||
| 650 |
_aBovino de doble propósito _9146366 |
||
| 650 |
_aForraje _9137922 |
||
| 650 |
_aGanado bovino _9138033 |
||
| 650 |
_aLeche \ _965357 |
||
| 650 |
_aMinerales _9145196 |
||
| 650 |
_aSuelo _9145086 |
||
| 650 |
_aSuero sanguíneo _9110588 |
||
| 650 |
_aTrópico _9146068 |
||
| 700 |
_a Lara Bueno, Alejandro, asesor _9145227 |
||
| 700 |
_a Rangel Santos, Raymundo, asesor _9144046 |
||
| 700 |
_aHuerta Bravo, Maximino, director _9137817 |
||
| 856 | 4 | 2 |
_uhttp://10.13.5.2/tesis/sist112831.pdf _yDescargar PDF |
| 901 | _aTESIS M84 2545 | ||
| 902 | _aA | ||
| 910 | _a2016 | ||
| 942 |
_c2 _2ddc |
||
| 942 |
_c2 _2ddc |
||
| 999 |
_c170199 _d170199 |
||